[Event "Barceloneta op"]
[Site "Barcelona"]
[Date "2001.??.??"]
[Round "1"]
[White "Lozon Urena, Javier"]
[Black "Pueyo Burrel, Adria"]
[Result "1-0"]
[WhiteElo "1850"]
[BlackElo "1730"]
[PlyCount "27"]
[EventDate "2001.09.29"]
[EventType "swiss"]
[EventRounds "9"]
[EventCountry "ESP"]
[SourceTitle "CBM 085 Extra"]
[Source "ChessBase"]
[SourceDate "2002.01.21"]
[SourceVersion "1"]
[SourceVersionDate "2002.01.21"]
[SourceQuality "1"]

1. e4 e5 2. Nf3 Nc6 3. Bb5 a6 4. Ba4 Nf6 5. d4 exd4 6. 0-0 b5 7. Bb3 Be7 8. e5 Ng4 9. Re1 d6 10. Bd5 Bb7 11. Nxd4 Qd7 12. Bxc6 Bxc6 13. Nxc6 Qxc6 14. Qxg4 1-0

[Event "Ideal Clave op"]
[Site "Barcelona"]
[Date "1997.11.29"]
[Round "9"]
[White "Lozon Urena, Javier"]
[Black "Bertolin Escriche, Tomas"]
[Result "0-1"]
[WhiteElo "1805"]
[BlackElo "1970"]
[PlyCount "55"]
[EventDate "1997.09.??"]
[EventType "swiss"]
[EventRounds "9"]
[EventCountry "ESP"]
[SourceTitle "EXT 2003"]
[Source "ChessBase"]
[SourceDate "2002.11.25"]
[SourceVersion "1"]
[SourceVersionDate "2002.11.25"]
[SourceQuality "1"]

1. e4 g6 2. d4 Bg7 3. Nc3 d6 4. f4 e6 5. Nf3 Ne7 6. Bd3 0-0 7. Be3 Nd7 8. 0-0 c5 9. Qd2 a6 10. Rad1 Qc7 11. Qf2 c4 12. Be2 d5 13. e5 b5 14. Rc1 Rb8 15. b3 Nb6 16. g4 f6 17. Qh4 Rb7 18. g5 fxe5 19. fxe5 Nf5 20. Qf2 Qd8 21. Kh1 Rbf7 22. Qg1 Bb7 23. Bd2 Nd7 24. Qg4 Qb6 25. Nd1 Bxe5 26. dxe5 d4 27. Bb4 Nxe5 28. Bxf8 0-1

[Event "Ideal Clave op"]
[Site "Barcelona"]
[Date "1997.11.22"]
[Round "8"]
[White "Castillo Garcia, Elias"]
[Black "Lozon Urena, Javier"]
[Result "0-1"]
[WhiteElo "1915"]
[BlackElo "1805"]
[PlyCount "108"]
[EventDate "1997.09.??"]
[EventType "swiss"]
[EventRounds "9"]
[EventCountry "ESP"]
[SourceTitle "EXT 2003"]
[Source "ChessBase"]
[SourceDate "2002.11.25"]
[SourceVersion "1"]
[SourceVersionDate "2002.11.25"]
[SourceQuality "1"]

1. e4 Nf6 2. e5 Nd5 3. d4 d6 4. Bc4 Nb6 5. Qe2 Nxc4 6. Qxc4 Nc6 7. Nf3 Bg4 8. Nbd2 e6 9. h3 Bf5 10. Nb3 Be7 11. Bf4 0-0 12. 0-0-0 d5 13. Qe2 Nb4 14. Kd2 Bxc2 15. Rc1 Bxb3 16. axb3 c6 17. g4 Qb6 18. Rhd1 Na2 19. Ra1 Qxb3 20. Ke1 Nb4 21. Kf1 Qc4 22. Be3 Qxe2+ 23. Kxe2 Nc2 24. Rac1 Nxe3 25. Kxe3 Rfc8 26. Rc2 Rc7 27. g5 Rac8 28. h4 c5 29. dxc5 Rxc5 30. Rxc5 Rxc5 31. Ra1 a6 32. Nd4 h6 33. f4 hxg5 34. hxg5 Rc4 35. Kd3 Bc5 36. Nb3 Bf2 37. Na5 Rb4 38. b3 Bg3 39. Rc1 Bxf4 40. Rc8+ Kh7 41. Rc7 Kg6 42. Nxb7 Bxe5 43. Rd7 Rxb3+ 44. Ke2 Kxg5 45. Rxf7 Bf6 46. Nc5 Rb6 47. Ra7 Kf5 48. Nxa6 Rb2+ 49. Kd1 Ra2 50. Ra8 e5 51. Kc1 e4 52. Kb1 Ra1+ 53. Kc2 d4 54. Nc7 Rxa8 0-1